NLSUI OPAC header image

Folklore in Modern India (Record no. 19950)

MARC details
000 -LEADER
fixed length control field 00514nam a2200193Ia 4500
003 - CONTROL NUMBER IDENTIFIER
control field OSt
005 - DATE AND TIME OF LATEST TRANSACTION
control field 20211018105848.0
008 - FIXED-LENGTH DATA ELEMENTS--GENERAL INFORMATION
fixed length control field 160316s1998 xxu||||| |||| 00| 0 eng d
040 ## - CATALOGING SOURCE
Transcribing agency n
082 ## - DEWEY DECIMAL CLASSIFICATION NUMBER
Classification number 398.000000
Item number HAN
100 ## - MAIN ENTRY--PERSONAL NAME
Personal name Handoo Jawaharlal
245 ## - TITLE STATEMENT
Title Folklore in Modern India
260 ## - PUBLICATION, DISTRIBUTION, ETC.
Place of publication, distribution, etc. Mysore
Name of publisher, distributor, etc. Central Institutue of Indian Languages
Date of publication, distribution, etc. 1998
300 ## - PHYSICAL DESCRIPTION
Extent 232p
365 ## - TRADE PRICE
Price amount Rs.280
650 ## - SUBJECT ADDED ENTRY--TOPICAL TERM
Topical term or geographic name entry element 1. Folklore - Modern India2. Folklore - Status - Modern India
700 ## - ADDED ENTRY--PERSONAL NAME
Personal name
--
942 ## - ADDED ENTRY ELEMENTS (KOHA)
Source of classification or shelving scheme Dewey Decimal Classification
Koha item type BOOKs
Holdings
Withdrawn status Lost status Damaged status Not for loan Home library Current library Shelving location Date acquired Cost, normal purchase price Total Checkouts Full call number Barcode Date last seen Price effective from Koha item type
        . .   30.05.2017 280.00   398 HAN 18119 30.05.2017 30.05.2017 BOOKs